000 00529nam a22001937a 4500
003 OSt
005 20140310182959.0
008 130208t xxu||||| |||| 00| 0 eng d
020 _a9717251061
050 _aLB 2157
_b.V422 2004
100 _aVega, Violeta A.
245 _aGuidebook in student teaching /
_cVioleta A. Vega.
260 _aMakati City :
_bGrandwater Publications,
_c2004.
300 _a161 p. :
_bill. ;
_c22 cm.
521 _aEDU
650 _aStudent teaching.
942 _2lcc
_cBK
_kLOC
999 _c18062
_d18062